00405nam a2200121Ia 4500008004100000040001700041041001200058082001600070100005900086245006000145260006700205300001100272230917s9999||||xx |||||||||||||| ||und|| e170580aMAIN aEnglish a301.426 I8N aInternational Institute for population science, Bombay 0aNational family health survey (MCH and family planning) aChandigarhbPopulation Research Centre Punjab Universityc1993 a296 p.